Witcher 3 Characters by Picture - Statistics

General Stats
  • This quiz has been taken 35 times
  • The average score is 23 of 36
Answer Stats
Picture Answer % Correct
Cirilla Fiona Elen Riannon
100%
Geralt of Rivia
100%
Triss Merigold
100%
The Bloody Baron
91%
Lambert
84%
Vernon Roche
84%
Vesemir
84%
Roach
81%
Dandelion
78%
Eskel
78%
Eredin Breacc Glas
75%
Radovid V
75%
Keira Metz
72%
Zoltan Chivay
72%
Emhyr var Emreis
69%
Emiel Regis Rohellec Terzieff-Godefroy
69%
Avallac'h
66%
Gaunter O'Dimm
66%
Anna Henrietta
63%
Sigismund Dijkstra
63%
Crach an Craite
59%
Detlaff van der Eretein
59%
Shani
59%
Yennefer of Vengerberg
59%
Cerys an Craite
56%
Priscilla
56%
Tellico Lunngrevink Letorte
56%
Olgierd von Everec
53%
Letho of Gulet
50%
Hjalmar an Craite
44%
Thaler
44%
Imlerith
41%
Philippa Eilhart
34%
Ermion
31%
Damien de la Tour
25%
Barnabas-Basil Foulty
16%
No matching quizzes found
Score Distribution
Percent of People with Each Score
Percentile by Number Answered
Your Score History
You have not taken this quiz